WWII 101 - Statistics

General Stats
  • This quiz has been taken 189 times
  • The average score is 6 of 10
Answer Stats
Hint Answer % Correct
A battle or siege with over 1 million casualties Leningrad/Berlin/Stalingrad
87%
Infamous Nazi death camp, arguably the most famous Auschwitz
78%
Was the UK's prime minister before the breakout of war Neville Chamberlain
70%
Only South American Country to be officially involved in the war Brazil
65%
Leader of Free France Charles de Gaulle
64%
Republic of China Leader Chiang Kai-Shek
57%
Intergovernmental Association to end at the start of the War League of Nations
45%
A famous night were glass was shattered Kristallnacht
43%
A Solomon Island Island famous for the battle that occurred there Guadalcanal
40%
State founded after the Japanese invasion of Manchuria Manchukuo
15%
No matching quizzes found
Score Distribution
Percent of People with Each Score
Percentile by Number Answered
Your Score History
You have not taken this quiz